Where were they born? - Statistics

General Stats
  • This quiz has been taken 40 times
    23 since last reset
  • The average score is 7 of 16
Answer Stats
Picture Answer % Correct
Barbados
71%
Canada
71%
USA
71%
USSR
71%
Israel
65%
New Zealand
65%
USA
65%
UK
47%
Lebanon
41%
India
35%
Mexico
35%
UK
24%
Eswatini
18%
Japan
18%
Nigeria
6%
Hong Kong
0%
No matching quizzes found
Score Distribution
Percent of People with Each Score
Percentile by Number Answered
Your Score History
You have not taken this quiz since the last reset